| 000 | 01061nam a2200313 i 4500 | ||
|---|---|---|---|
| 003 | DO-SdBNP | ||
| 005 | 20260116073831.0 | ||
| 007 | ta | ||
| 008 | 250220s1977 dr 000 0 spa d | ||
| 040 |
_aDO-SdBNP _bspa _cBNPHU _erda |
||
| 082 | 4 |
_axxxx _bH685 _222 |
|
| 100 | 1 |
_aHochman, Elena _eautora _4aut. _987005 |
|
| 242 | _a | ||
| 245 | 1 | 0 |
_aPara hacer la tesis : _bnotas sobre investigación documental / _cElena Hochman, Maritza Montero |
| 264 | 1 |
_aSanto Domingo : _bEditora Cosmos, _c1977. |
|
| 300 |
_a84 páginas ; _c19 cm. |
||
| 336 |
_atexto _btxt _2rdacontent |
||
| 337 |
_asin mediación _bn _2rdamedia |
||
| 338 |
_avolumen _bnc _2rdacarrier |
||
| 500 | _aUnidad de Metodología de la Investigación Social, Escuela de Sociología y Antropología. | ||
| 504 | _aBibliografía p: 79-85. | ||
| 590 | _aInventariado, 2025/ YL | ||
| 650 | 0 |
_aAutoestima _9212 |
|
| 650 | 7 |
_aAutorrealización (Psicología) _9211 |
|
| 650 | 7 | _aConducta (Ética) | |
| 700 | 1 |
_aMontero, Maritza _eautora _4aut. _935265 |
|
| 910 | _aYLockward | ||
| 942 |
_2ddc _cLBS1 |
||
| 999 |
_c58154 _d58154 |
||